[Event "EU-ch Blitz"]
[Site "Zagreb"]
[Date "2023.12.16"]
[Round "8"]
[White "Gretarsson, Helgi Ass"]
[Black "Przybylski, Wojciech"]
[Result "0-1"]
[WhiteElo "2477"]
[BlackElo "2308"]
[PlyCount "48"]
[EventDate "2023.12.16"]
[EventType "swiss (blitz)"]
[EventRounds "13"]
[EventCountry "CRO"]
[SourceTitle "CB51_2023"]
[SourceDate "2023.12.20"]
[SourceVersion "1"]
[SourceVersionDate "2023.12.20"]
[SourceQuality "1"]

1. d4 Nf6 2. c4 c6 3. Nc3 d5 4. e3 e6 5. g4 Bd6 6. g5 Nfd7 7. h4 dxc4 8. Bxc4 a6 9. e4 e5 10. dxe5 Nxe5 11. Be2 Ng6 12. h5 Nf4 13. h6 g6 14. Qd4 f6 15. gxf6 Ne6 16. f7+ Kxf7 17. Bc4 Rg8 18. Nf3 c5 19. Qd5 Be7 20. Ne5+ Ke8 21. Qxd8+ Bxd8 22. Be3 Rf8 23. 0-0-0 Nd4 24. Nxg6 hxg6 0-1

[Event "EU-ch Blitz"]
[Site "Zagreb"]
[Date "2023.12.16"]
[Round "13"]
[White "Malesevic, Nedeljko"]
[Black "Gretarsson, Helgi Ass"]
[Result "0-1"]
[WhiteElo "2219"]
[BlackElo "2477"]
[PlyCount "65"]
[EventDate "2023.12.16"]
[EventType "swiss (blitz)"]
[EventRounds "13"]
[EventCountry "CRO"]
[SourceTitle "CB51_2023"]
[SourceDate "2023.12.20"]
[SourceVersion "1"]
[SourceVersionDate "2023.12.20"]
[SourceQuality "1"]

1. d4 g6 2. c4 Bg7 3. Nc3 c5 4. e3 Nf6 5. Nf3 0-0 6. Be2 d5 7. dxc5 Qa5 8. 0-0 dxc4 9. Bxc4 Qxc5 10. Qe2 Nc6 11. a3 Bg4 12. Ba2 Ne5 13. e4 Nxf3+ 14. gxf3 Bh3 15. Rd1 Qh5 16. Bf4 Nd7 17. Rd5 Ne5 18. Bxe5 Bxe5 19. f4 Bg4 20. Qe3 Bf3 21. fxe5 Qh3 22. Qg5 Bg4 23. Qf4 Rac8 24. Qg3 Qh5 25. e6 f5 26. exf5 Bf3 27. Re5 Rxf5 28. Rxf5 Qxf5 29. h3 Rd8 30. Re1 Rd2 31. Qb8+ Kg7 32. Qe5+ Qxe5 33. Rxe5 0-1

[Event "EU-ch Rapid"]
[Site "Zagreb"]
[Date "2023.12.14"]
[Round "4"]
[White "Gretarsson, Helgi Ass"]
[Black "Nguyen, Thai Dai Van"]
[Result "1-0"]
[WhiteElo "2477"]
[BlackElo "2632"]
[PlyCount "91"]
[EventDate "2023.12.14"]
[EventType "swiss (rapid)"]
[EventRounds "11"]
[EventCountry "CRO"]
[SourceTitle "CB51_2023"]
[SourceDate "2023.12.20"]
[SourceVersion "1"]
[SourceVersionDate "2023.12.20"]
[SourceQuality "1"]

1. d4 d5 2. c4 e6 3. Nc3 a6 4. cxd5 exd5 5. Bf4 Nf6 6. e3 c5 7. Nf3 c4 8. Ne5 b5 9. g4 b4 10. Na4 Be7 11. Bg2 Be6 12. g5 Ne4 13. Bxe4 dxe4 14. d5 Bd7 15. d6 Bxg5 16. Qd5 0-0 17. Nxd7 Nxd7 18. Bxg5 Qb8 19. Rg1 Qb5 20. Qxe4 Rfe8 21. Qc2 Ne5 22. Rg3 Qd5 23. Rd1 Qh1+ 24. Ke2 Qxh2 25. d7 Qh5+ 26. Kd2 Nxd7 27. Qxc4 Ne5 28. Qd5 Rac8 29. Bf6 Nc4+ 30. Ke1 Qxd5 31. Rxd5 g6 32. Bd4 Rc6 33. Ke2 Nd6 34. Rc5 Rxc5 35. Nxc5 Nf5 36. Rg4 h5 37. Rf4 a5 38. Kf3 Rc8 39. Re4 Kh7 40. Re5 Rd8 41. Ne4 a4 42. Bc5 b3 43. axb3 axb3 44. Bb4 Kh6 45. Bc3 Ng7 46. Re7 1-0

[Event "EU-ch Rapid"]
[Site "Zagreb"]
[Date "2023.12.14"]
[Round "6"]
[White "Gretarsson, Helgi Ass"]
[Black "Stevic, Hrvoje"]
[Result "0-1"]
[WhiteElo "2477"]
[BlackElo "2541"]
[PlyCount "120"]
[EventDate "2023.12.14"]
[EventType "swiss (rapid)"]
[EventRounds "11"]
[EventCountry "CRO"]
[SourceTitle "CB51_2023"]
[SourceDate "2023.12.20"]
[SourceVersion "1"]
[SourceVersionDate "2023.12.20"]
[SourceQuality "1"]

1. c4 e5 2. Nc3 Nc6 3. Nf3 Nf6 4. e3 Bb4 5. Qc2 Bxc3 6. bxc3 0-0 7. d3 d6 8. e4 b6 9. h3 Ne7 10. Be3 Ng6 11. Be2 Qe7 12. Nd2 Ne8 13. g4 c5 14. Nf1 Nc7 15. Ng3 Nf4 16. Nf5 Qd8 17. Bxf4 exf4 18. Qd2 g6 19. Nh6+ Kg7 20. Qxf4 Ne6 21. Qe3 Qh4 22. Nf5+ gxf5 23. gxf5 Nf4 24. Rg1+ Kh8 25. Bg4 Qh6 26. Kd2 Ba6 27. Rg3 d5 28. cxd5 Bxd3 29. Rf3 Bxe4 30. Qxf4 Qxf4+ 31. Rxf4 Bxd5 32. c4 Bc6 33. f6 Rad8+ 34. Kc3 Rfe8 35. Bf5 Rd6 36. Rh4 Rxf6 37. Rxh7+ Kg8 38. Rg1+ Kf8 39. Rh8+ Ke7 40. Re1+ Kd6 41. Rexe8 Bxe8 42. Bg4 Bc6 43. Rd8+ Ke7 44. Rc8 Kd6 45. Rd8+ Kc7 46. Rd2 Rf4 47. Bd1 Bd7 48. Kb3 Bxh3 49. Kc3 Be6 50. Bb3 a5 51. a3 a4 52. Ba2 Rf3+ 53. Kb2 Kc6 54. Re2 Kd6 55. Rd2+ Ke5 56. Re2+ Kd4 57. Rc2 Rd3 58. Re2 Bxc4 59. Bxc4 Kxc4 60. Re4+ Rd4 0-1

[Event "EU-ch Rapid"]
[Site "Zagreb"]
[Date "2023.12.14"]
[Round "5"]
[White "Rogic, Davor"]
[Black "Gretarsson, Helgi Ass"]
[Result "1/2-1/2"]
[WhiteElo "2431"]
[BlackElo "2477"]
[PlyCount "74"]
[EventDate "2023.12.14"]
[EventType "swiss (rapid)"]
[EventRounds "11"]
[EventCountry "CRO"]
[SourceTitle "CB51_2023"]
[SourceDate "2023.12.20"]
[SourceVersion "1"]
[SourceVersionDate "2023.12.20"]
[SourceQuality "1"]

1. e4 g6 2. d4 Bg7 3. Nf3 d6 4. c3 Nf6 5. Bd3 0-0 6. 0-0 Nc6 7. h3 e5 8. Re1 h6 9. a4 Nh5 10. dxe5 Nxe5 11. Be2 Nxf3+ 12. Bxf3 Nf6 13. Be3 Re8 14. Nd2 a5 15. Qc2 Be6 16. Rad1 Qc8 17. Be2 d5 18. Bf3 c6 19. Bd4 dxe4 20. Nxe4 Nxe4 21. Bxe4 Qc7 22. Bxg7 Kxg7 23. b4 Rad8 24. Rxd8 Qxd8 25. Rb1 Qg5 26. bxa5 Bxh3 27. a6 bxa6 28. Bxc6 Rc8 29. Qe4 Be6 30. Rb6 a5 31. Qd4+ Kh7 32. Ra6 Rd8 33. Qe4 Rd1+ 34. Kh2 Bf5 35. Qc4 Be6 36. Qe4 Qh5+ 37. Kg3 Qg5+ 1/2-1/2

[Event "Leca da Palmeira 2nd"]
[Site "Leca da Palmeira"]
[Date "2023.08.05"]
[Round "8"]
[White "Gretarsson, Helgi Ass"]
[Black "Perez Candelario, Manuel"]
[Result "0-1"]
[WhiteElo "2475"]
[BlackElo "2573"]
[PlyCount "147"]
[EventDate "2023.07.31"]
[EventType "swiss"]
[EventRounds "9"]
[EventCountry "POR"]
[SourceTitle "CBM 215 Extra"]
[Source "ChessBase"]
[SourceDate "2023.09.30"]
[SourceVersion "1"]
[SourceVersionDate "2023.09.30"]
[SourceQuality "1"]

1. c4 e6 2. Nc3 d5 3. d4 Nf6 4. cxd5 exd5 5. Bg5 Be7 6. e3 h6 7. Bh4 Bg4 8. Qc2 0-0 9. h3 Be6 10. Nf3 Nbd7 11. Be2 a6 12. Nd2 c5 13. dxc5 Nxc5 14. Rd1 Rc8 15. Qb1 b5 16. Bf3 Na4 17. Ne2 Qa5 18. a3 b4 19. Nb3 Qc7 20. axb4 Bxb4+ 21. Kf1 Ne4 22. Ned4 Bd7 23. Bxe4 dxe4 24. Bg3 Qb7 25. Kg1 Nb6 26. Kh2 a5 27. Rc1 a4 28. Na1 Be7 29. Rhd1 h5 30. Kh1 h4 31. Bh2 g6 32. Nac2 Nd5 33. Ne2 Bb5 34. Ncd4 Bd3 35. Qa2 Qa8 36. Ra1 Nb6 37. Nc3 Rfd8 38. Rdc1 Qa6 39. Nd1 Qb7 40. Nc3 Qd7 41. Rd1 Qe8 42. Rac1 Rc5 43. Qa1 Rdc8 44. Na2 Nd5 45. Rxc5 Bxc5 46. b3 a3 47. Nc1 Bf8 48. Nxd3 exd3 49. Rxd3 Nb4 50. Rd2 a2 51. Rxa2 Nxa2 52. Qxa2 Rc1+ 53. Bg1 Qe4 54. Qa7 Rb1 55. Qc7 Rb2 56. Qd8 Kg7 57. Qc7 Rb1 58. Nf3 Qf5 59. Qc4 Be7 60. Nd2 Rd1 61. Nf3 Bf6 62. b4 Rb1 63. Nd2 Rd1 64. Nf3 Rb1 65. Nd2 Rb2 66. Nf3 Qb1 67. Kh2 Rxb4 68. Qc7 Qe4 69. Qd6 Rb5 70. Qf4 Qe7 71. g4 hxg3+ 72. Kxg3 Rf5 73. Qc4 Qb7 74. e4 0-1

[Event "Leca da Palmeira 2nd"]
[Site "Leca da Palmeira"]
[Date "2023.08.03"]
[Round "6"]
[White "Prie, Eric"]
[Black "Gretarsson, Helgi Ass"]
[Result "1/2-1/2"]
[WhiteElo "2353"]
[BlackElo "2475"]
[PlyCount "21"]
[EventDate "2023.07.31"]
[EventType "swiss"]
[EventRounds "9"]
[EventCountry "POR"]
[SourceTitle "CBM 215 Extra"]
[Source "ChessBase"]
[SourceDate "2023.09.30"]
[SourceVersion "1"]
[SourceVersionDate "2023.09.30"]
[SourceQuality "1"]

1. e4 g6 2. d4 Bg7 3. Nc3 d6 4. Be3 a6 5. h4 h6 6. Qd2 b5 7. 0-0-0 Bb7 8. f3 Nd7 9. Nh3 Rc8 10. g4 c5 11. Kb1 1/2-1/2

[Event "EU-ch Blitz"]
[Site "Katowice"]
[Date "2022.12.16"]
[Round "13"]
[White "Adamczewski, Maciej"]
[Black "Gretarsson, Helgi Ass"]
[Result "1-0"]
[WhiteElo "2071"]
[BlackElo "2451"]
[PlyCount "91"]
[EventDate "2022.12.16"]
[EventType "swiss (blitz)"]
[EventRounds "22"]
[EventCountry "POL"]
[SourceTitle "CBM 211 Extra"]
[Source "ChessBase"]
[SourceDate "2023.01.31"]
[SourceVersion "1"]
[SourceVersionDate "2023.01.31"]
[SourceQuality "1"]

1. d4 Nf6 2. c4 Nc6 3. Nf3 e6 4. Nc3 Bb4 5. Qc2 d6 6. a3 Bxc3+ 7. Qxc3 Qe7 8. Qc2 0-0 9. Bg5 h6 10. Bh4 g5 11. Nxg5 hxg5 12. Bxg5 Nxd4 13. Qc3 e5 14. Qg3 Ne4 15. Bxe7+ Nxg3 16. hxg3 Bf5 17. Rd1 Rfe8 18. Bf6 Bh7 19. e3 Re6 20. Bg5 Nb3 21. Bd3 Bxd3 22. Rxd3 Nc5 23. Rd1 Rg6 24. Bh4 f6 25. b4 Ne6 26. f3 a5 27. b5 f5 28. b6 Rc8 29. 0-0 Ng7 30. bxc7 Rxc7 31. Rd5 Rxc4 32. Rxa5 Ne6 33. Be7 Nc5 34. Rd1 Rxg3 35. Kh2 Rg7 36. Bxd6 Rc2 37. Rg1 Nd7 38. Bxe5 Rg6 39. Bf4 Kf7 40. Rxf5+ Ke6 41. Rb5 Rc8 42. Rd1 Ke7 43. Rxb7 Rd8 44. a4 Ke8 45. a5 Ra6 46. Rd5 1-0

[Event "EU-ch Blitz"]
[Site "Katowice"]
[Date "2022.12.16"]
[Round "9"]
[White "Dubnevych, Maksym"]
[Black "Gretarsson, Helgi Ass"]
[Result "1/2-1/2"]
[WhiteElo "2139"]
[BlackElo "2451"]
[PlyCount "101"]
[EventDate "2022.12.16"]
[EventType "swiss (blitz)"]
[EventRounds "22"]
[EventCountry "POL"]
[SourceTitle "CBM 211 Extra"]
[Source "ChessBase"]
[SourceDate "2023.01.31"]
[SourceVersion "1"]
[SourceVersionDate "2023.01.31"]
[SourceQuality "1"]

1. d4 Nf6 2. Nc3 d5 3. Bf4 c6 4. e3 Bf5 5. Nf3 e6 6. Ne5 Bb4 7. f3 Qa5 8. Qd2 h6 9. g4 Bh7 10. Bd3 Nbd7 11. Bxh7 Nxh7 12. Nd3 Bxc3 13. bxc3 Nb6 14. Bc7 Ng5 15. 0-0 Nc4 16. Bxa5 Nxd2 17. Rf2 Ndxf3+ 18. Kg2 Nh4+ 19. Kg3 Ng6 20. Re2 b6 21. Bb4 a5 22. Ba3 Ne4+ 23. Kg2 Nxc3 24. Ree1 h5 25. Nf2 hxg4 26. Nxg4 Kd7 27. Rf1 f6 28. Bb2 Ne4 29. a4 Rh4 30. Nf2 Rah8 31. Nxe4 Rxh2+ 32. Kf3 Nh4+ 33. Kg3 Nf5+ 34. Rxf5 exf5 35. Nf2 g5 36. Rc1 b5 37. axb5 cxb5 38. Bc3 b4 39. Be1 Kc6 40. c4 R2h4 41. cxd5+ Kd6 42. Rc6+ Kxd5 43. Rc5+ Ke6 44. Rxa5 f4+ 45. exf4 Rxf4 46. Bxb4 Rxd4 47. Bc3 Rd6 48. Bxf6 Kxf6 49. Ne4+ Ke6 50. Nxd6 Kxd6 51. Rxg5 1/2-1/2

[Event "EU-ch Blitz"]
[Site "Katowice"]
[Date "2022.12.16"]
[Round "10"]
[White "Gretarsson, Helgi Ass"]
[Black "Dubnevych, Maksym"]
[Result "1-0"]
[WhiteElo "2451"]
[BlackElo "2139"]
[PlyCount "59"]
[EventDate "2022.12.16"]
[EventType "swiss (blitz)"]
[EventRounds "22"]
[EventCountry "POL"]
[SourceTitle "CBM 211 Extra"]
[Source "ChessBase"]
[SourceDate "2023.01.31"]
[SourceVersion "1"]
[SourceVersionDate "2023.01.31"]
[SourceQuality "1"]

1. d4 d5 2. c4 e6 3. Nc3 Nf6 4. Bf4 Be7 5. e3 0-0 6. Qc2 c6 7. h3 b6 8. Nf3 Bb7 9. Rd1 Na6 10. a3 Rc8 11. Qa4 dxc4 12. Qxc4 Nc7 13. e4 Nb5 14. Bd3 Nxc3 15. bxc3 c5 16. d5 exd5 17. exd5 Bd6 18. 0-0 Bxd5 19. Qa4 Bxf4 20. Qxf4 Qc7 21. Ne5 Rfe8 22. Rfe1 Re7 23. Re3 Rce8 24. Rde1 Be6 25. Qh4 h6 26. Bb5 Rf8 27. Rg3 Bg4 28. f4 Bh5 29. Qxf6 Bg6 30. Rxg6 1-0

[Event "EU-ch Blitz"]
[Site "Katowice"]
[Date "2022.12.16"]
[Round "3"]
[White "Gretarsson, Helgi Ass"]
[Black "Putlak, Wojciech"]
[Result "1-0"]
[WhiteElo "2451"]
[BlackElo "1992"]
[PlyCount "89"]
[EventDate "2022.12.16"]
[EventType "swiss (blitz)"]
[EventRounds "22"]
[EventCountry "POL"]
[SourceTitle "CBM 211 Extra"]
[Source "ChessBase"]
[SourceDate "2023.01.31"]
[SourceVersion "1"]
[SourceVersionDate "2023.01.31"]
[SourceQuality "1"]

1. d4 Nf6 2. c4 e6 3. Nc3 Bb4 4. Qc2 0-0 5. e4 d6 6. Bd3 e5 7. a3 Bxc3+ 8. bxc3 c5 9. d5 Na6 10. Ne2 Nc7 11. 0-0 Bd7 12. a4 b6 13. f4 exf4 14. Bxf4 Qe7 15. h3 Rfb8 16. Ng3 h6 17. Rae1 Nce8 18. e5 dxe5 19. Bxe5 Qd8 20. Bxb8 Rxb8 21. Bf5 Nd6 22. Bxd7 Qxd7 23. Nf5 Nxf5 24. Rxf5 Re8 25. Rfe5 Rxe5 26. Rxe5 g6 27. Re1 Ne8 28. Qe4 Nd6 29. Qe7 Qxe7 30. Rxe7 a5 31. Rd7 Nxc4 32. d6 f5 33. Rb7 Nxd6 34. Rxb6 Ne4 35. Rxg6+ Kf7 36. Ra6 Nxc3 37. Rxa5 c4 38. Kf2 Ke6 39. Ke3 Nd5+ 40. Kd4 Nf4 41. Ra6+ Kd7 42. Rxh6 Nxg2 43. Kxc4 f4 44. Kd4 Ke7 45. Ke4 1-0

[Event "EU-ch Blitz"]
[Site "Katowice"]
[Date "2022.12.16"]
[Round "6"]
[White "Gretarsson, Helgi Ass"]
[Black "Trybus, Daniel"]
[Result "0-1"]
[WhiteElo "2451"]
[BlackElo "2258"]
[PlyCount "72"]
[EventDate "2022.12.16"]
[EventType "swiss (blitz)"]
[EventRounds "22"]
[EventCountry "POL"]
[SourceTitle "CBM 211 Extra"]
[Source "ChessBase"]
[SourceDate "2023.01.31"]
[SourceVersion "1"]
[SourceVersionDate "2023.01.31"]
[SourceQuality "1"]

1. d4 Nf6 2. c4 e6 3. Nc3 Bb4 4. Qc2 c5 5. dxc5 Nc6 6. Bf4 Bxc5 7. e3 0-0 8. Rd1 a6 9. a3 b5 10. cxb5 axb5 11. Bxb5 Qb6 12. Nf3 Nd5 13. Nxd5 Qxb5 14. Nc7 Qa5+ 15. b4 Bxb4+ 16. axb4 Nxb4 17. Qd2 Nd3+ 18. Ke2 Nxf4+ 19. exf4 Qxc7 20. Rc1 Ba6+ 21. Ke3 Qa7+ 22. Qd4 Rfb8 23. Rc3 d5 24. Ra1 Qe7 25. Ne5 Bb5 26. Rxa8 Rxa8 27. g3 f6 28. Nf3 Ra3 29. Nd2 Ra4 30. Rc8+ Kf7 31. Qb2 Ra3+ 32. Rc3 d4+ 33. Kxd4 Qa7+ 34. Ke4 Qb7+ 35. Ke3 Qb6+ 36. Kf3 Bc6+ 0-1

[Event "EU-ch Blitz"]
[Site "Katowice"]
[Date "2022.12.16"]
[Round "22"]
[White "Gretarsson, Helgi Ass"]
[Black "Vardanyan, Aras"]
[Result "1-0"]
[WhiteElo "2451"]
[BlackElo "2271"]
[PlyCount "97"]
[EventDate "2022.12.16"]
[EventType "swiss (blitz)"]
[EventRounds "22"]
[EventCountry "POL"]
[SourceTitle "CBM 211 Extra"]
[Source "ChessBase"]
[SourceDate "2023.01.31"]
[SourceVersion "1"]
[SourceVersionDate "2023.01.31"]
[SourceQuality "1"]

1. d4 Nf6 2. c4 c5 3. d5 b5 4. cxb5 a6 5. bxa6 g6 6. Nc3 Bg7 7. e4 0-0 8. a7 Rxa7 9. Nf3 e6 10. Be2 exd5 11. exd5 d6 12. 0-0 Na6 13. Bf4 Nc7 14. Bc4 Bb7 15. Re1 Ba6 16. Nd2 Re8 17. Rxe8+ Nfxe8 18. Qf3 Qf6 19. Nde4 Qd4 20. Bxa6 Rxa6 21. Rd1 Qb4 22. Rd2 Bd4 23. h4 Nb5 24. a3 Qb3 25. Nxb5 Qxb5 26. Nc3 Qb3 27. Re2 Nf6 28. Bh6 Ra8 29. Ne4 Qxf3 30. gxf3 Nxd5 31. Nxd6 Bg7 32. Bxg7 Kxg7 33. Rc2 Rb8 34. Rxc5 Nf4 35. b4 Rd8 36. Ne4 Rd1+ 37. Kh2 f5 38. Rc7+ Kf8 39. Nf6 Rd3 40. a4 Rxf3 41. a5 Nd3 42. a6 Rxf2+ 43. Kg1 Ra2 44. b5 Ne1 45. Nxh7+ Ke8 46. a7 Nf3+ 47. Kf1 Kd8 48. Rb7 Nd2+ 49. Ke1 1-0

[Event "EU-ch Blitz"]
[Site "Katowice"]
[Date "2022.12.16"]
[Round "1"]
[White "Jaworski, Tymon"]
[Black "Gretarsson, Helgi Ass"]
[Result "0-1"]
[WhiteElo "1755"]
[BlackElo "2451"]
[PlyCount "88"]
[EventDate "2022.12.16"]
[EventType "swiss (blitz)"]
[EventRounds "22"]
[EventCountry "POL"]
[SourceTitle "CBM 211 Extra"]
[Source "ChessBase"]
[SourceDate "2023.01.31"]
[SourceVersion "1"]
[SourceVersionDate "2023.01.31"]
[SourceQuality "1"]

1. e4 g6 2. d4 Bg7 3. c4 e6 4. Nc3 Ne7 5. Nf3 d5 6. Bd3 Nbc6 7. cxd5 exd5 8. e5 Bg4 9. Ne2 0-0 10. h3 Bxf3 11. gxf3 f6 12. f4 fxe5 13. fxe5 Nf5 14. Bxf5 Rxf5 15. Be3 Qd7 16. Qb3 Na5 17. Qc3 Nc4 18. 0-0-0 Rf3 19. Kb1 Rxh3 20. Rxh3 Qxh3 21. Nf4 Qf5+ 22. Ka1 c6 23. b3 Nb6 24. a4 a5 25. Nd3 Bf8 26. Kb2 Be7 27. Rh1 Nd7 28. Qd2 Nf8 29. Nf4 h5 30. Qd3 Qxd3 31. Nxd3 Kf7 32. Rg1 Ne6 33. f4 Ng7 34. Bf2 Nf5 35. Kc3 Rh8 36. Kd2 h4 37. Rh1 h3 38. Ke2 Bd8 39. Kf3 Bb6 40. Nc5 Bxc5 41. dxc5 Ke6 42. Kg4 h2 43. Kf3 d4 44. Ke4 Rh3 0-1

[Event "EU-ch Blitz"]
[Site "Katowice"]
[Date "2022.12.16"]
[Round "17"]
[White "Rudzinska, Michalina"]
[Black "Gretarsson, Helgi Ass"]
[Result "1/2-1/2"]
[WhiteElo "2256"]
[BlackElo "2451"]
[PlyCount "81"]
[EventDate "2022.12.16"]
[EventType "swiss (blitz)"]
[EventRounds "22"]
[EventCountry "POL"]
[SourceTitle "CBM 211 Extra"]
[Source "ChessBase"]
[SourceDate "2023.01.31"]
[SourceVersion "1"]
[SourceVersionDate "2023.01.31"]
[SourceQuality "1"]

1. e4 d6 2. d4 Nf6 3. Nc3 Nbd7 4. Nf3 e5 5. Bc4 Be7 6. 0-0 c6 7. a4 Qc7 8. Re1 h6 9. a5 Nf8 10. h3 g5 11. Nh2 Rg8 12. Ng4 Bxg4 13. hxg4 exd4 14. Ne2 Nxg4 15. Nxd4 Ne5 16. Bb3 g4 17. Nf5 h5 18. Bf4 Nfg6 19. Bxe5 dxe5 20. Qe2 h4 21. Qxg4 Rh8 22. Ng7+ Kf8 23. Ne6+ fxe6 24. Qxg6 Bd8 25. Qxe6 Qe7 26. Qf5+ Qf6 27. Qd7 Qe7 28. Qg4 Qf6 29. Re3 Qg5 30. Rf3+ Kg7 31. Rf7+ Kg6 32. Qe6+ Bf6 33. Qh3 b6 34. Rd1 Rad8 35. Rdd7 Rxd7 36. Rxd7 Qc1+ 37. Kh2 Qf4+ 38. Kg1 Qc1+ 39. Kh2 Qf4+ 40. Kg1 Qc1+ 41. Kh2 1/2-1/2

[Event "Olympiad-44"]
[Site "Chennai"]
[Date "2022.08.08"]
[Round "10.4"]
[White "Ioannidis, Evgenios"]
[Black "Gretarsson, Helgi Ass"]
[Result "1-0"]
[WhiteElo "2459"]
[BlackElo "2472"]
[PlyCount "109"]
[EventDate "2022.07.29"]
[EventType "team-swiss"]
[EventRounds "11"]
[EventCountry "IND"]
[SourceTitle "CBM 210"]
[Source "ChessBase"]
[SourceDate "2022.10.31"]
[SourceVersion "1"]
[SourceVersionDate "2022.10.31"]
[SourceQuality "1"]
[WhiteTeam "Greece"]
[BlackTeam "Iceland"]
[WhiteTeamCountry "GRE"]
[BlackTeamCountry "ISL"]

1. d4 d5 2. c4 c6 3. Nc3 Nf6 4. cxd5 cxd5 5. Bf4 Nc6 6. e3 a6 7. Be2 Bf5 8. Nf3 e6 9. Qb3 Ra7 10. Ne5 Nxe5 11. Bxe5 Nd7 12. 0-0 Qb6 13. Rfc1 Qxb3 14. axb3 Nxe5 15. Nb5 Nc6 16. Nxa7 Nxa7 17. Rc7 Bd6 18. Rxb7 Nc8 19. g4 Bg6 20. Rxa6 0-0 21. h4 h5 22. g5 e5 23. Rd7 exd4 24. exd4 Bf4 25. Bf3 Bf5 26. Rxd5 g6 27. b4 Re8 28. Kg2 Re1 29. Ra8 Bd3 30. Rxc8+ Kg7 31. Kh3 Rg1 32. Bg2 Be2 33. f3 Bd3 34. Rcc5 Rd1 35. Rc3 Bb1 36. Rc6 Rxd4 37. Rf6 Rxb4 38. Rxf4 Rxf4 39. Rb5 Bd3 40. Rb8 Rf5 41. Kg3 Bb5 42. b4 Rd5 43. Bh3 Bc4 44. Rb7 Kf8 45. Bd7 Rd6 46. Rc7 Bd5 47. Kf4 Rb6 48. b5 Bb7 49. Ke3 Bd5 50. Kd4 Bxf3 51. Kc5 Rb8 52. b6 Bb7 53. Bc6 Ba6 54. Ra7 Bc8 55. Bd5 1-0

[Event "Olympiad-44"]
[Site "Chennai"]
[Date "2022.07.31"]
[Round "3.4"]
[White "Gretarsson, Helgi Ass"]
[Black "Puranik, Abhimanyu Sameer"]
[Result "1/2-1/2"]
[WhiteElo "2472"]
[BlackElo "2612"]
[PlyCount "150"]
[EventDate "2022.07.29"]
[EventType "team-swiss"]
[EventRounds "11"]
[EventCountry "IND"]
[SourceTitle "CBM 210"]
[Source "ChessBase"]
[SourceDate "2022.10.31"]
[SourceVersion "1"]
[SourceVersionDate "2022.10.31"]
[SourceQuality "1"]
[WhiteTeam "Iceland"]
[BlackTeam "India III"]
[WhiteTeamCountry "ISL"]
[BlackTeamCountry "IND"]

1. d4 Nf6 2. c4 g6 3. Nc3 d5 4. Bf4 Bg7 5. e3 0-0 6. Rc1 c5 7. dxc5 Be6 8. Nf3 Nc6 9. Be2 Qa5 10. Ng5 Rad8 11. Nxe6 fxe6 12. Qa4 Qxc5 13. 0-0 d4 14. exd4 Nxd4 15. Be3 a6 16. h3 Ne4 17. Bg4 Nd6 18. Bxe6+ Kh8 19. Rfe1 Qe5 20. Bxd4 Qxd4 21. Qc2 b5 22. Rcd1 Qa7 23. cxb5 axb5 24. a3 Qc5 25. Rd5 Qb6 26. Rd2 Qa5 27. Rd3 b4 28. Rd5 Qb6 29. Na4 Qa7 30. axb4 Rb8 31. Nc5 Rxb4 32. Nd3 Rbb8 33. b4 Bd4 34. Re2 Rf6 35. Ra5 Qb6 36. Bg4 Rbf8 37. Qa2 Nb5 38. Qc4 Nd6 39. Qa6 Qc7 40. Rd5 Qc3 41. Rxe7 Ne4 42. Qb7 Rxf2 43. Rxh7+ Kg8 44. Be6+ R8f7 45. Bxf7+ Rxf7+ 46. Kh2 Rxb7 47. Rxb7 Bf6 48. Rdd7 Qc8 49. h4 Bd4 50. g3 Nf6 51. Rdc7 Qe8 52. Nf4 Nd5 53. Rc2 Ne3 54. Rcc7 Be5 55. Rd7 Bxf4 56. gxf4 Nf5 57. Kg2 Nxh4+ 58. Kf1 Nf5 59. b5 Qc8 60. b6 Qc1+ 61. Ke2 Qc2+ 62. Ke1 Qe4+ 63. Kd2 Qxf4+ 64. Kc2 Nd4+ 65. Kd1 Qf3+ 66. Kd2 Qf2+ 67. Kd3 Nc6 68. Rg7+ Kf8 69. Rh7 Qd4+ 70. Ke2 Kg8 71. Rhd7 Qe5+ 72. Kf1 Qf5+ 73. Kg2 Qg4+ 74. Kf2 Qf5+ 75. Kg2 Qg4+ 1/2-1/2

[Event "Piestany Slovakia op-A"]
[Site "Piestany"]
[Date "2022.07.16"]
[Round "7"]
[White "Gretarsson, Helgi Ass"]
[Black "Samunenkov, Igor"]
[Result "1/2-1/2"]
[WhiteElo "2472"]
[BlackElo "2448"]
[PlyCount "56"]
[EventDate "2022.07.11"]
[EventType "swiss"]
[EventRounds "9"]
[EventCountry "SVK"]
[SourceTitle "CBM 209 Extra"]
[Source "ChessBase"]
[SourceDate "2022.09.30"]
[SourceVersion "1"]
[SourceVersionDate "2022.09.30"]
[SourceQuality "1"]

1. d4 d5 2. c4 e6 3. Nc3 c6 4. e3 Nf6 5. Nf3 Nbd7 6. Qc2 Bd6 7. b3 0-0 8. Be2 e5 9. cxd5 cxd5 10. Nb5 Bb4+ 11. Bd2 Bxd2+ 12. Nxd2 a6 13. dxe5 Nxe5 14. Nd4 Bg4 15. 0-0 Rc8 16. Qb2 Ne4 17. f3 Nxd2 18. Qxd2 Bd7 19. Rac1 Qb6 20. Rxc8 Rxc8 21. Rc1 Rxc1+ 22. Qxc1 Nc6 23. Qc3 Nxd4 24. Qxd4 Qxd4 25. exd4 a5 26. a3 g5 27. Bd3 h6 28. Kf2 f6 1/2-1/2

[Event "Piestany Slovakia op-A"]
[Site "Piestany"]
[Date "2022.07.15"]
[Round "6"]
[White "Domalchuk Jonasson, Aleksandr"]
[Black "Gretarsson, Helgi Ass"]
[Result "0-1"]
[WhiteElo "2244"]
[BlackElo "2472"]
[PlyCount "102"]
[EventDate "2022.07.11"]
[EventType "swiss"]
[EventRounds "9"]
[EventCountry "SVK"]
[SourceTitle "CBM 209 Extra"]
[Source "ChessBase"]
[SourceDate "2022.09.30"]
[SourceVersion "1"]
[SourceVersionDate "2022.09.30"]
[SourceQuality "1"]

1. d4 Nf6 2. c4 Nc6 3. Nf3 e6 4. Nc3 Bb4 5. Qc2 d6 6. Bd2 0-0 7. a3 Bxc3 8. Bxc3 Re8 9. b4 a5 10. b5 Ne7 11. g3 b6 12. Bg2 Bb7 13. 0-0 Be4 14. Qb2 h6 15. Rfd1 Qb8 16. Rac1 Qb7 17. a4 Rac8 18. c5 Qd5 19. Ne1 Bxg2 20. Nxg2 Qh5 21. f3 g5 22. e4 Nd7 23. cxd6 cxd6 24. Qe2 d5 25. e5 Rc4 26. Ne3 Rxa4 27. Kg2 Qg6 28. g4 f6 29. exf6 Nxf6 30. Qb2 h5 31. Qb3 Rc4 32. Nxc4 dxc4 33. Qxc4 Nfd5 34. Bd2 hxg4 35. Rf1 Nf5 36. Kg1 Nh4 37. Qe2 Nxf3+ 38. Kh1 Rf8 39. Qg2 Qe4 40. Rf2 Qxd4 41. Rcf1 Rf5 42. Bc1 Kh7 43. h3 Nh4 44. Rxf5 Nxg2 45. Rf7+ Kg6 46. Kxg2 Nf4+ 47. Bxf4 Qe4+ 48. Kg3 Kxf7 49. Bxg5+ Kg6 50. Kh4 gxh3+ 51. Bf4 h2 0-1

[Event "Piestany Slovakia op-A"]
[Site "Piestany"]
[Date "2022.07.12"]
[Round "2"]
[White "Gretarsson, Helgi Ass"]
[Black "Svana, Peter"]
[Result "1-0"]
[WhiteElo "2472"]
[BlackElo "2280"]
[PlyCount "85"]
[EventDate "2022.07.11"]
[EventType "swiss"]
[EventRounds "9"]
[EventCountry "SVK"]
[SourceTitle "CBM 209 Extra"]
[Source "ChessBase"]
[SourceDate "2022.09.30"]
[SourceVersion "1"]
[SourceVersionDate "2022.09.30"]
[SourceQuality "1"]

1. c4 Nf6 2. Nf3 g6 3. Nc3 Bg7 4. e4 0-0 5. d4 d6 6. Be2 Bg4 7. Be3 Na6 8. h3 Bd7 9. 0-0 c6 10. Nd2 e5 11. d5 Ne8 12. Rb1 f5 13. exf5 gxf5 14. f4 Kh8 15. Nf3 Nac7 16. a3 Qe7 17. Qd2 e4 18. Nh2 c5 19. g4 Bf6 20. Kh1 Qg7 21. Rg1 Bd4 22. gxf5 Bxe3 23. Qxe3 Qd4 24. Qxd4+ cxd4 25. Nxe4 Bxf5 26. Bd3 Nf6 27. Nf2 Bd7 28. Rbe1 b5 29. b3 bxc4 30. bxc4 Na6 31. Re7 Nc5 32. Bb1 Rae8 33. Rxe8 Rxe8 34. Nf3 Re2 35. Ng5 Be8 36. Nd3 Nxd3 37. Bxd3 Re3 38. Rd1 Nh5 39. Ne6 Bf7 40. f5 Rxh3+ 41. Kg2 Re3 42. Kf2 Rh3 43. Ng5 1-0